000 01049nas a2200349 4500
001 BR2010002387
003 BR-BrBNA
005 20231205115327.0
007 ta
008 230509b bl.|||p| |||| 00| 00por d
040 _aBR-BrBNA
_bpor
_cBiblioteca Nacional de Agricultura
041 _a(Pt)
072 _aF01; H01; H10
100 1 _aColombi, C.A.
100 1 _aGalli, J.C.
245 1 _aDinâmica populacional e evolução de dano de Triozoida limbata (Hemiptera: Psillydae)em goiabeira city, em Jaboticabal, SP
650 _aSÃO PAULO
650 _aFRUTICULTURA
650 _aDEFESA VEGETAL
650 _aGOIABA
650 _aPSIDIUM GUAJAVA
650 _aINSETO
650 _aHEMIPTERA
650 _aPSÍLIDEO
650 _aPRAGA DE PLANTA
650 _aINFESTAÇÃO
650 _aMONITORAMENTO
650 _aDINÂMICA POPULACIONAL
773 0 _tCiência e Agrotecnologia (Brazil)
_x1413-7054
_g(Mar-Apr 2009), v. 33(2) p. 412-416
_wBR2010002387
909 _a202311
_bLúcia
_c55
_dLúcia Elande
942 _2AGRIS
_n0
_cANA
999 _c213237
_d213237